000 01616cam0a2200433 4500
001 14016
003 http://www.sudoc.fr/180593870
005 20260129123235.0
010 _a9782916834504
_d12 EUR
021 _aFR
_bDLE-20140709-42011
033 _ahttp://catalogue.bnf.fr/ark:/12148/cb43858599h
035 _a(OCoLC)893833433
035 _aFRBNF438585990000006
_zFRBNF43858599
073 0 _a9782916834504
090 _a14016
099 _o0
100 _a20140917h20142014m y0frey50 ba
101 0 _afre
102 _aFR
105 _ay z 00|a|
181 _6z01
_ctxt
_2rdacontent
181 1 _6z01
_ai#
_bxxxe##
182 _6z01
_cn
_2rdamedia
182 1 _6z01
_an
200 1 _aUne famille aimante mérite de faire un vrai repas
_ethéâtre
_bLIVR
210 _a[Fontenay-sous-Bois]
_cQuartett
_dimpr. 2014, cop. 2014
215 _a1 vol. (109 p.)
_a@Quartett - Théâtre
215 _ccouv. ill. e225 2#
300 _aNotice réd. d'après la couv.
308 _a"Dans la même collection Quartett / théâtre" (4ème de couverture) ne semble pas être une mention de collection car elle figure sur tous les ouvrages publiés par cet éditeur qui ne publie que du théâtre
312 _aLa couverture porte en plus : "Théâtre"
323 _a4 personnages
686 _a802
_2Cadre de classement de la Bibliographie nationale française
700 1 _aAminthe
_bJulie
_f1984-....
700 1 _3182628892
_4070
702 1 _aDelaigue
_bPhilippe
_f19..-....
702 1 _3074312502
_cauteur dramatique
_4080
801 3 _aFR
_bAbes
_c20231127
_gAFNOR
801 0 _aFR
_bFR-751131015
_c20140709
_gAFNOR